1186 1125 1882 1963 1624 1705 1179 1084 1114 1771 1407 1141 1589 1271 1569 1494 1162 1204 1954 1547 1302 1788 1244 1534 1383 1014 1353 1063 1946 1214 1405 1270 1328 1612 1641 1859 1410 1425 1518 1013 1264 1692 1183 1560 1088 1643 1484 1062 1387 1094 1833 1973 1600 1898 1356 1018 1940 1238 1466 1251 1574 1048 1808 1870 1785 1223 1918 1860 1593 1635 1669 1570 1364 1732 1608 1384 1878 1239 1544 1880 1073 1946 1299 1508 1563 1842 1797 1841 1221 1992 1554 1010 1809 1116 1359 1681 1099 1424 1431 BCNSPRNW ULIB Ver.6.0+V

เปลี่ยนเป็นภาษาไทย

Change to English
 แสดงรายละเอียดบรรณานุกรม
  กลับหน้าหลัก

Brief Record : Get Marc (ISO 2709) : E-mail record : QR code < ปิดหน้าต่าง
LEADER : 00000nam 2200000uu 4500
001    13399110914
003     ULIB
008    110613s2543||||th 000 0 tha d
020    9748391183
050  4 LB2324^bอ825ก 2543
100 0  อุทุมพร (ทองอุไทย) จามรมาน
245 10 การประกันคุณภาพระดับอุดมศึกษา /^cโดย อุทุมพร (ทองอุไทย)จามรมาน
250    พิมพ์ครั้งที่ 1
260    กรุงเทพฯ :^bฟันนี่พับบลิชชิ่ง,^c2543
300    90 หน้า ;^c21 ซม.
650  7 การศึกษาขั้นอุดมศึกษา
650  7 ประกันคุณภาพการศึกษาระดับอุดมศึกษา
945    ^p50^l0^i030143
995    เกษร
999 ^a ใช้งานได้ทุกระบบ
รายการนี้ยังไม่มีแท็ก
คุณยังไม่ได้ล็อกอิน คุณสามารถมีกิจกรรมร่วมกับเว็บไซต์ได้ แต่ต้องล็อกอินก่อน ::
  ล็อกอิน

รายการสื่อสารสนเทศ

ลำดับที่ ประเภท เลขเรียก/บาร์โค้ด สถานที่ สถานะ
- ไม่พบข้อมูล -

รายการใกล้เคียง
    ผู้แต่ง [อุทุมพร (ทองอุไทย) จามรมาน]

    หัวเรื่อง [การศึกษาขั้นอุดมศึกษา]
    หัวเรื่อง [ประกันคุณภาพการศึกษาระดับอุดมศึกษา]

BibComment


ยังไม่เคยถูกคอมเมนท์

คอมเมนท์ทรัพยากรรายการนี้
  คอมเมนท์: การประกันคุณภาพระ..


 Copyright 2026. Bcnsprnw @Library